Estampas baturras / (Record no. 73555)

MARC details
000 -LEADER
campo de control de longitud fija 00482nam a2200169 i 4500
001 - NÚMERO DE CONTROL
campo de control 73555
003 - IDENTIFICADOR DE NÚMERO DE CONTROL
campo de control ES-MaACL
005 - FECHA Y HORA DE LA ÚLTIMA TRANSACCIÓN
campo de control 20230906171842.0
007 - CAMPO FIJO DE DESCRIPCIÓN FÍSICA--INFORMACIÓN GENERAL
campo de control de longitud fija t|
008 - DATOS DE LONGITUD FIJA--INFORMACIÓN GENERAL
campo de control de longitud fija 040908s1966 sp |||| | spa d
100 1# - ENTRADA PRINCIPAL--NOMBRE DE PERSONA
Nombre de persona Gómez Latorre, Adelino.
9 (RLIN) 58008
245 10 - MENCIÓN DEL TÍTULO
Título Estampas baturras /
Mención de responsabilidad, etc. Adelino Gómez Latorre.
260 ## - PUBLICACIÓN, DISTRIBUCIÓN, ETC.
Lugar de publicación, distribución, etc. Valencia :
Nombre del editor, distribuidor, etc. [s.n.],
Fecha de publicación, distribución, etc. 1966 (
Fabricante Tip. P. Quiles)
300 ## - DESCRIPCIÓN FÍSICA
Extensión 235 p :
Otras características físicas il. ;
Dimensiones 18 cm.
650 #4 - PUNTO DE ACCESO ADICIONAL DE MATERIA--TÉRMINO DE MATERIA
Término de materia o nombre geográfico como elemento de entrada Folklore-
Subdivisión geográfica Aragón.
9 (RLIN) 161420
852 ## - LOCALIZACIÓN
Ubicación ES-MaACL
Número de control de estantería P-1116
Holdings
Estatus retirado Estado de pérdida Estado de daño No para préstamo Biblioteca de origen Biblioteca actual Ubicación en estantería Fecha de adquisición Fuente de adquisición Total de préstamos Signatura topográfica completa Código de barras Visto por última vez Precio de reemplazo Tipo de ítem Koha
        Biblioteca del Ateneo de Madrid Biblioteca del Ateneo de Madrid Depósito 2 17/01/2008     P-1116 1076990 23/02/2023 23/02/2023 Libro impreso